原神 七聖召喚キャラカード(サドンデス) - Statistics

General Stats
  • This quiz has been taken 82 times
  • The average score is 40 of 106
Answers on the Grid
Answers color-coded by a green-red scale on the quiz's grid according to % correct below.
甘雨
ディオナ
ガイア
重雲
神里綾華
エウルア
申鶴
七七
レイラ
シャルロット
リオセスリ
フレミネ
ロサリア
バーバラ
行秋
モナ
珊瑚宮心海
神里綾人
タルタリヤ
キャンディス
ニィロウ
夜蘭
ヌヴィレット
フリーナ
シグウィン
ムアラニ
ディルック
香菱
ベネット
宵宮
クレー
アンバー
胡桃
煙緋
ディシア
リネ
トーマ
辛炎
シュヴルーズ
フィッシュル
レザー
刻晴
セノ
北斗
九条裟羅
雷電将軍
八重神子
リサ
ドリー
久岐忍
クロリンデ
スクロース
ジン
ウェンティ
楓原万葉
放浪者
リネット
早柚
ファルザン
閑雲
凝光
ノエル
荒瀧一斗
鍾離
アルベド
ゴロー
雲菫
ナヴィア
千織
コレイ
ティナリ
ナヒーダ
ヨォーヨ
白朮
アルハイゼン
綺良々
カーヴェ
ファデュイ・氷蛍術師
ファデュイ・デットエージェント・炎
ファデュイ・ミラーメイデン
「淑女」
ファデュイ・雷蛍術師
ファデュイ・氷霜の従者
エルマイト旅団・サンドロアマスター
エルマイト旅団・フローラルリングダンサー
魔偶剣鬼
ヒルチャール・岩兜の王
マッシュラプトル
純水精霊・ローデシア
アビスの詠唱者・淵炎
無相の雷
雷音権現
トワリン
若陀龍王
無相の氷
千年真珠の海駿
アビスの使徒・激流
鉄甲熔炎帝王
呑星の鯨
聖骸サソリ
聖骸トビヘビ
アペプのオアシス守護者
ヒルチャールレンジャー・水
アビスの詠唱者・紫電
黄金王獣
兆載永劫ドレイク
ミカ
鹿野院平蔵
 
Answer Stats
Answer % Correct
行秋
55%
香菱
55%
宵宮
53%
ノエル
53%
レイラ
51%
ロサリア
51%
九条裟羅
51%
胡桃
49%
フィッシュル
49%
楓原万葉
49%
バーバラ
47%
珊瑚宮心海
47%
リサ
47%
久岐忍
47%
ナヒーダ
47%
煙緋
45%
辛炎
45%
アルハイゼン
45%
ヒルチャール・岩兜の王
45%
甘雨
43%
ガイア
43%
フレミネ
43%
モナ
43%
神里綾人
43%
夜蘭
43%
クレー
43%
トーマ
43%
雷電将軍
43%
スクロース
43%
ジン
43%
凝光
43%
ナヴィア
43%
シグウィン
42%
八重神子
42%
早柚
42%
鍾離
42%
無相の雷
42%
ディオナ
40%
重雲
40%
七七
40%
リオセスリ
40%
リネ
40%
ウェンティ
40%
40%
放浪者
40%
ファルザン
40%
カーヴェ
40%
エウルア
38%
タルタリヤ
38%
ニィロウ
38%
ディルック
38%
ベネット
38%
シュヴルーズ
38%
レザー
38%
刻晴
38%
北斗
38%
アルベド
38%
雲菫
38%
コレイ
38%
ティナリ
38%
ファデュイ・氷蛍術師
38%
アビスの使徒・激流
38%
神里綾華
36%
キャンディス
36%
ゴロー
36%
白朮
36%
ファデュイ・ミラーメイデン
36%
純水精霊・ローデシア
36%
トワリン
36%
無相の氷
36%
申鶴
34%
セノ
34%
ドリー
34%
荒瀧一斗
34%
ヨォーヨ
34%
綺良々
34%
ファデュイ・デットエージェント・炎
34%
「淑女」
34%
ファデュイ・雷蛍術師
34%
マッシュラプトル
34%
ヌヴィレット
32%
魔偶剣鬼
32%
若陀龍王
32%
ヒルチャールレンジャー・水
32%
アンバー
30%
ディシア
30%
クロリンデ
30%
リネット
30%
閑雲
30%
千織
30%
エルマイト旅団・サンドロアマスター
30%
アビスの詠唱者・淵炎
30%
アペプのオアシス守護者
30%
黄金王獣
30%
フリーナ
28%
ムアラニ
28%
聖骸トビヘビ
28%
千年真珠の海駿
26%
呑星の鯨
26%
シャルロット
25%
雷音権現
25%
聖骸サソリ
25%
鉄甲熔炎帝王
23%
アビスの詠唱者・紫電
23%
ファデュイ・氷霜の従者
21%
エルマイト旅団・フローラルリングダンサー
19%
No matching quizzes found
Score Distribution
Percent of People with Each Score
Percentile by Number Answered
Your Score History
You have not taken this quiz